Réseaux de tramway français en images - Statistiques

Statistiques générales
  • Ce quiz a été pris 55 fois
  • Le résultat moyen est 11 sur 28
Statistiques - réponses
Par images Réponse % Correct
Bordeaux
87%
Montpellier
64%
Paris (Île de France)
62%
Nantes
53%
Orléans
53%
Strasbourg
53%
Angers
51%
Grenoble
47%
Tours
47%
Brest
42%
Lyon
42%
Nice
40%
Saint-Étienne
40%
Lille
38%
Marseille
38%
Rouen
38%
Clermont-Ferrand
36%
Toulouse
36%
Avignon
33%
Dijon
33%
Le Havre
33%
Reims
31%
Besançon
29%
Le Mans
29%
Mulhouse
27%
Valenciennes
27%
Caen
18%
Aubagne
16%
Aucun quiz correspondant
Distribution des résultats
% des personnes avec chaque résultat
Percentile par nombre de réponses
Votre historique - résultats
Vous n’avez pas pris ce quiz